Language Quiz

Random Language or Letter Quiz

Word Overlaps II Quiz Stats

Quiz Updated Feb 28, 2013

Also try: Word Overlaps
Challenge
Share
Tweet
Embed
Score 0/30 Timer 03:00
6 Plays Today
Clue Word % Correct
Casper the Friendly ____.GHOST (▼ST---)
99.5%
Secret supply.STASH (▼SH---)
95.1%
To start.BEGIN (▼IN---)
94.7%
Pleasant smell from food, plants.AROMA (▼MA---)
93.3%
Forefinger.INDEX (▼EX---)
92.9%
Perhaps, possibly.MAYBE (▼BE---)
92.8%
Clip wool from sheep.SHEAR (▼AR---)
92.1%
Performance platform.STAGE (▼GE---)
90.7%
Dentures replace these.TEETH (▼TH---)
87.6%
Molten rock.MAGMA (▼MA---)
87.4%
Sight, Smell, Touch.SENSE (▼SE---)
87.4%
Category (of films, music).GENRE (▼RE---)
87.3%
To be.EXIST (▼ST---)
86%
Overweight.OBESE (▼SE---)
85.2%
Pulsate, Ache.THROB (▼OB---)
79.8%
Clue Word % Correct
Sitting platform.CHAIR (▼IR---)
77%
Angry, enraged.IRATE (▼TE---)
76.3%
The end of life.DEATH (▼TH---)
75.8%
Between the hip and the knee.THIGH (▼GH---)
75.7%
Polite address of a woman.MADAM (▼AM---)
72.2%
Thick sweet liquid.SYRUP (▼UP---)
71.8%
Far from quiet.NOISY (▼SY---)
70.9%
Acid in proteins.AMINO (▼NO---)
70.6%
To get to.REACH (▼CH---)
68.4%
Oozes, flows.SEEPS (▼PS---)
67.2%
Woolly-haired mammal.LLAMA (▼MA---)
64.5%
Mentally intimidate.PSYCH (▼CH---)
63.3%
Feeling of cold, fear.CHILL (▼LL---)
63%
Higher, superior.UPPER (▼ER---)
60.6%
To waste away.ERODE (▼DE---)
57.1%

You're not logged in!

Compare scores with friends on all Sporcle quizzes.
Join for Free
OR
Log In

You Might Also Like...

Show Comments

Extras

Top Quizzes Today


Score Distribution

Your Account Isn't Verified!

In order to create a playlist on Sporcle, you need to verify the email address you used during registration. Go to your Sporcle Settings to finish the process.

Report this User

Report this user for behavior that violates our Community Guidelines.

Details: